Latex diagnosis in an early tapping test of rubber three-part-trees : Prospects for use in the early selection of crown and panel clones (Record no. 62007)

MARC details
000 -LEADER
fixed length control field 00519nam a2200169Ia 4500
100 ## - MAIN ENTRY--AUTHOR NAME
Personal name Moraes V H DE F
245 #0 - TITLE STATEMENT
Title Latex diagnosis in an early tapping test of rubber three-part-trees : Prospects for use in the early selection of crown and panel clones
260 ## - PUBLICATION, DISTRIBUTION, ETC. (IMPRINT)
Name of publisher Agrotropica
Year of publication 1995
300 ## - PHYSICAL DESCRIPTION
Number of Pages 49-62
500 ## - GENERAL NOTE
General note Source Year: 1996
650 ## - SUBJECT ADDED ENTRY--TOPICAL TERM
Topical Term Early tapping test
650 ## - SUBJECT ADDED ENTRY--TOPICAL TERM
Topical Term Latex diagnosis
700 ## - ADDED ENTRY--PERSONAL NAME
Personal name Moraes L A C
856 ## - ELECTRONIC LOCATION AND ACCESS
Uniform Resource Identifier AEDR
942 ## - ADDED ENTRY ELEMENTS (KOHA)
Koha item type Journals
Holdings
Withdrawn status Lost status Damaged status Not for loan Home library Current library Shelving location Date acquired Serial Enumeration / chronology Koha item type
      Journals RRII Library RRII Library Physiology 17/12/2021 Volume 7, Issue 3 Journals